World of tanks blitz: Germany - Statistics

General Stats
  • This quiz has been taken 29 times
  • The average score is 30 of 97
Answer Stats
Tier Type Answer % Correct
10 heavy Maus
74%
7 heavy Tiger I
74%
8 heavy Tiger II
74%
10 heavy E100
68%
1 light Pz II
68%
4 td Hetzer
63%
9 td Jagdtiger
63%
5 medium Pz III/IV
63%
9 heavy E75
58%
5 light Leopard
58%
6 td Nashorn
58%
2 light Pz 35(t)
58%
3 medium Pz III
58%
5 medium Pz IV G
58%
9 medium E50
53%
10 td Grille 15
53%
9 heavy Mäuschen
53%
7 medium Panther
53%
7 medium Panther/M10
53%
4 medium Pz IV D
53%
5 td StuG III G
53%
10 medium E50 M
42%
8 medium Panther II
42%
3 light Pz 38(t)
42%
7 heavy Tiger (P)
42%
10 td Jg. Pz. E100
37%
8 td Rhm-B. WT
37%
7 td St. Emil
37%
8 heavy VK 168.01 (P)
37%
10 heavy VK 90.01 (P)
37%
6 td Jg Pz IV
32%
7 td Jpanther
32%
10 medium Leopard 1
32%
9 medium Leopard PT A
32%
3 td Marder II
32%
4 heavy Pz B2
32%
5 medium Pz V/IV
32%
8 light RU 251
32%
7 light SP I C
32%
8 heavy VK 100.01 (P)
32%
6 medium VK 30.01 P
32%
8 heavy VK 45.02 A
32%
10 heavy VK 72.01 K
32%
9 td WT auf Pz IV
32%
6 td Dicker Max
26%
4 light Luchs
26%
8 td Elefant
26%
8 td Ferdinand
26%
8 td Jpanther II
26%
10 medium Kpz 50 t
26%
9 heavy Kpz 70
26%
8 heavy Löwe
26%
3 medium Pz IV A
26%
2 td Pz Jäg I
26%
6 light VK 28.01
26%
6 heavy VK 36.01 H
26%
9 heavy VK 45.02 B
26%
7 heavy VK 45.03
26%
4 heavy D.W. 2
21%
7 td E25
21%
4 light Pz 38 nA
21%
3 light Pz II G
21%
3 light Pz III A
21%
3 light Pz II J
21%
3 medium PZ S35
21%
5 td Pz Sfl IVc
21%
8 td Skorpion G
21%
6 heavy Tiger 131
21%
5 heavy VK 30.01 H
21%
6 medium VK 30.02 M
21%
8 heavy E75 TS
16%
3 heavy Grobtraktor
16%
8 light HWK 30
16%
8 td JgTig 8,8 cm
16%
8 td JgTig 8,8 cm (2015)
16%
7 light Kunze Panzer
16%
2 light Pz 38H
16%
6 medium Pz IV S
16%
7 td Steyr WT
16%
3 light T15
16%
5 medium T-25
16%
6 medium VK 30.01 D
16%
7 medium VK 30.02 D
16%
9 td WT Ritter
16%
8 medium Indien-Pz
11%
8 heavy Keiler
11%
8 medium M48A2 Räumpanzer
11%
8 medium Panzer 58
11%
7 light Aufkl. Panther
5%
8 td Kanonenjagdpanzer
5%
8 medium Kpz 07 H
5%
5 medium Krupp-38(D)
5%
8 medium Panther 8,8
5%
5 medium Pz IV Gargoyle
5%
5 medium Pz IV Hydr.
5%
8 light IeKpz M41 90MM
0%
8 medium Kpz Pr.68 P
0%
No matching quizzes found
Score Distribution
Percent of People with Each Score
Percentile by Number Answered
Your Score History
You have not taken this quiz